| 000 | 00577nam a22001697a 4500 | ||
|---|---|---|---|
| 003 | BD-DhUL | ||
| 005 | 20170824100405.0 | ||
| 008 | 170824s1903 ua ||||| |||| 00| 0 ara d | ||
| 040 |
_aBD-DhUL _cBD-DhUL |
||
| 082 |
_a892.71 _bSID |
||
| 100 | 1 | _aسبط ابن التعاویذي، عبید اللہ بن عبد للہ | |
| 245 | 1 | 0 |
_aدیوان / _cعبید اللہ بن عبد للہ سبط ابن التعاویذي |
| 260 |
_aمصر : _bمطبعۃ ، المقنطف، _c۱۹۰۳۔ |
||
| 300 |
_aص۔ ۴۹۰ ؛ _c۲۴ سم۔ |
||
| 650 | 0 | _aArabic poetry | |
| 942 |
_2ddc _cBK |
||
| 999 |
_c213758 _d213758 |
||